[Event "Rheinland Pfalz op 10th"]
[Site "Nickenich"]
[Date "2018.06.02"]
[Round "5"]
[White "Pikatz, Frank"]
[Black "Knapp, Michael1111"]
[Result "1/2-1/2"]
[WhiteElo "1657"]
[BlackElo "1978"]
[PlyCount "32"]
[EventDate "2018.05.31"]
[EventType "swiss"]
[EventRounds "7"]
[EventCountry "GER"]
[SourceTitle "EXT 2019"]
[Source "ChessBase"]
[SourceDate "2018.10.10"]
[SourceVersion "1"]
[SourceVersionDate "2018.10.10"]
[SourceQuality "1"]

1. Nf3 d5 2. g3 Nf6 3. Bg2 c5 4. d3 Nc6 5. Nbd2 e5 6. e4 dxe4 7. dxe4 Be7 8. 0-0 0-0 9. Re1 Bg4 10. h3 Be6 11. c3 Qd7 12. Ng5 Rfd8 13. Nxe6 Qxe6 14. Qc2 b5 15. Nf1 c4 16. Ne3 Rac8 1/2-1/2

[Event "SVR op"]
[Site "Nickenich"]
[Date "2015.04.02"]
[Round "4"]
[White "Pikatz, Frank"]
[Black "Schoenberger, Kay"]
[Result "0-1"]
[WhiteElo "1552"]
[BlackElo "1776"]
[PlyCount "54"]
[EventDate "2015.03.28"]
[EventType "swiss"]
[EventRounds "7"]
[EventCountry "GER"]
[SourceTitle "EXT 2016"]
[Source "ChessBase"]
[SourceDate "2015.10.08"]
[SourceVersion "1"]
[SourceVersionDate "2015.10.08"]
[SourceQuality "1"]

1. c4 e5 2. Nc3 Nc6 3. g3 Bc5 4. Bg2 a6 5. Nf3 Nge7 6. a3 a5 7. e3 d6 8. 0-0 Bg4 9. h3 Bh5 10. g4 Bg6 11. Nh4 Bd3 12. Re1 Bxc4 13. d3 Ba6 14. b3 0-0 15. Ne4 Bb6 16. Bb2 d5 17. Ng3 d4 18. e4 Ng6 19. Nxg6 fxg6 20. b4 Qf6 21. Qb3+ Qf7 22. Qxf7+ Rxf7 23. bxa5 Bxa5 24. Red1 Raf8 25. Nh1 Bc3 26. Bxc3 dxc3 27. Ra2 Nd4 0-1

[Event "Rheinland Pfalz op 5th"]
[Site "Worms"]
[Date "2013.05.31"]
[Round "3"]
[White "Werner, Dimo"]
[Black "Pikatz, Frank"]
[Result "1/2-1/2"]
[WhiteElo "2150"]
[BlackElo "1592"]
[PlyCount "86"]
[EventDate "2013.05.30"]
[EventType "swiss"]
[EventRounds "7"]
[EventCountry "GER"]
[SourceTitle "EXT 2014"]
[Source "ChessBase"]
[SourceDate "2013.11.20"]
[SourceVersion "1"]
[SourceVersionDate "2013.11.20"]
[SourceQuality "1"]

1. d4 g6 2. e4 Bg7 3. Nc3 c5 4. d5 d6 5. Nf3 a6 6. a4 Nf6 7. h3 b6 8. Bc4 Nbd7 9. 0-0 0-0 10. Re1 Qc7 11. Bf4 Bb7 12. Qd2 Rad8 13. Qe2 Qc8 14. Rad1 Nh5 15. Bg5 Rde8 16. Qd2 Ne5 17. Be2 Nxf3+ 18. Bxf3 Nf6 19. Bh6 Qd7 20. Be2 Rc8 21. Bc4 Rcd8 22. Bxg7 Kxg7 23. Qe2 Qc8 24. e5 dxe5 25. Qxe5 Rfe8 26. Ne4 Qb8 27. Nxf6 exf6 28. Qxb8 Rxb8 29. Be2 Rbd8 30. c4 Bc8 31. Bd3 f5 32. f4 Bd7 33. b3 Rxe1+ 34. Rxe1 Re8 35. Rd1 Kf8 36. Kf2 f6 37. Ra1 a5 38. Rd1 Kf7 39. Be2 Ke7 40. Bf3 Kd6 41. g3 h6 42. Rg1 Rg8 43. Re1 Re8 1/2-1/2

[Event "SVR-op 35th"]
[Site "Nickenich"]
[Date "2012.04.05"]
[Round "5"]
[White "Anetsberger, Carlos"]
[Black "Pikatz, Frank"]
[Result "1/2-1/2"]
[WhiteElo "1685"]
[BlackElo "1599"]
[PlyCount "93"]
[EventDate "2012.03.30"]
[EventType "swiss"]
[EventRounds "7"]
[EventCountry "GER"]
[SourceTitle "EXT 2013"]
[Source "ChessBase"]
[SourceDate "2012.11.22"]
[SourceVersion "1"]
[SourceVersionDate "2012.11.22"]
[SourceQuality "1"]

1. Nf3 Nf6 2. c4 Nc6 3. g3 g6 4. Bg2 Bg7 5. 0-0 0-0 6. Nc3 d6 7. d4 e5 8. d5 Ne7 9. e4 Nd7 10. Bd2 f5 11. Ng5 Nf6 12. f3 h6 13. Nh3 g5 14. Qc1 f4 15. g4 Ng6 16. b4 Qe7 17. Nf2 Nd7 18. Na4 b6 19. Nd3 Ba6 20. b5 Bb7 21. Nc3 Kf7 22. Kf2 Nh4 23. a4 Rh8 24. h3 Nxg2 25. Kxg2 h5 26. Rh1 hxg4 27. fxg4 Nf6 28. Kf3 Rh7 29. a5 Rah8 30. Nf2 Ra8 31. axb6 cxb6 32. Na2 a5 33. Nc3 Nd7 34. Na4 Qd8 35. Ra2 Rc8 36. Rc2 Bf6 37. Nd3 Qh8 38. Qf1 Rg8 39. Be1 Rg6 40. Rch2 Bd8 41. Bf2 Rgh6 42. Ne1 Nc5 43. Nxc5 dxc5 44. Kg2 Ke7 45. Nf3 Kd6 46. Qe1 Bc8 47. Qg1 1/2-1/2

[Event "SVR-op 35th"]
[Site "Nickenich"]
[Date "2012.04.01"]
[Round "3"]
[White "Ganske, Manfred"]
[Black "Pikatz, Frank"]
[Result "1-0"]
[WhiteElo "1771"]
[BlackElo "1599"]
[PlyCount "105"]
[EventDate "2012.03.30"]
[EventType "swiss"]
[EventRounds "7"]
[EventCountry "GER"]
[SourceTitle "EXT 2013"]
[Source "ChessBase"]
[SourceDate "2012.11.22"]
[SourceVersion "1"]
[SourceVersionDate "2012.11.22"]
[SourceQuality "1"]

1. d4 d5 2. c4 Nf6 3. Nf3 Nc6 4. Nc3 e6 5. Bg5 h6 6. Bxf6 Qxf6 7. cxd5 exd5 8. Nxd5 Bb4+ 9. Nxb4 Nxb4 10. Qa4+ Nc6 11. Ne5 0-0 12. Nxc6 bxc6 13. e3 c5 14. Be2 Qb6 15. Bf3 Qxb2 16. 0-0 Rb8 17. dxc5 Qe5 18. Qxa7 Be6 19. Qa5 Rb2 20. Rfb1 Rc2 21. Rc1 Rb2 22. a4 Rfb8 23. Qc3 Qf5 24. a5 R8b3 25. Qe1 Bc8 26. a6 Bxa6 27. Rxa6 Rb1 28. Ra8+ Kh7 29. Ra1 Rxa1 30. Rxa1 Qxc5 31. Be4+ f5 32. Rc1 Qb5 33. Bc6 Qe5 34. g3 g5 35. Qd1 Rb2 36. Qd7+ Kh8 37. Qe8+ Qxe8 38. Bxe8 Rb4 39. Rxc7 f4 40. exf4 gxf4 41. Rf7 fxg3 42. hxg3 Rb6 43. Kg2 Rd6 44. Rd7 Re6 45. Bh5 Rb6 46. g4 Rc6 47. f4 Rb6 48. f5 Rc6 49. Bg6 Rc2+ 50. Kg3 Rc3+ 51. Kh4 Rc1 52. Rh7+ Kg8 53. Rxh6 1-0

[Event "SVR-op 35th"]
[Site "Nickenich"]
[Date "2012.03.31"]
[Round "2"]
[White "Teper, Engin"]
[Black "Pikatz, Frank"]
[Result "0-1"]
[WhiteElo "792"]
[BlackElo "1599"]
[PlyCount "118"]
[EventDate "2012.03.30"]
[EventType "swiss"]
[EventRounds "7"]
[EventCountry "GER"]
[SourceTitle "EXT 2013"]
[Source "ChessBase"]
[SourceDate "2012.11.22"]
[SourceVersion "1"]
[SourceVersionDate "2012.11.22"]
[SourceQuality "1"]

1. d4 Nf6 2. h3 d5 3. Bf4 Bf5 4. e3 e6 5. a3 c5 6. Nf3 Qb6 7. Qc1 Nc6 8. dxc5 Bxc5 9. b4 Be7 10. Nbd2 a6 11. c4 0-0 12. c5 Qd8 13. Be2 b6 14. cxb6 Qxb6 15. 0-0 Rac8 16. Qb2 Ne4 17. Ne5 Bf6 18. Nxe4 Bxe4 19. Nd7 Bxb2 20. Nxb6 Bxa1 21. Nxc8 Bb2 22. Bxa6 Bxa3 23. b5 Nb4 24. Bd6 Rd8 25. Bxb4 Bxb4 26. b6 d4 27. exd4 Rxd4 28. b7 Bxb7 29. Bxb7 Rd2 30. Ra1 Bc5 31. Rf1 Rb2 32. Rd1 Rxb7 33. Rd8+ Bf8 34. Ne7+ Rxe7 35. Kh2 e5 36. Kg1 f5 37. f3 e4 38. fxe4 Rxe4 39. Kh2 Kf7 40. Rd3 g5 41. Rf3 Bd6+ 42. g3 f4 43. g4 Re3 44. Kg2 Rxf3 45. Kxf3 Kf6 46. Ke4 Ke6 47. Kd4 Bb8 48. Ke4 Ba7 49. Kf3 Ke5 50. Ke2 Ke4 51. h4 f3+ 52. Kf1 gxh4 53. g5 h3 54. g6 hxg6 55. Ke1 h2 56. Kd2 h1Q 57. Kc3 f2 58. Kb4 f1Q 59. Ka4 Qc4+ 0-1

[Event "SVR-ch MAT 31th"]
[Site "Idar Oberstein"]
[Date "2008.03.21"]
[Round "8"]
[White "Bakos, Andreas"]
[Black "Pikatz, Frank"]
[Result "1/2-1/2"]
[WhiteElo "1874"]
[BlackElo "1655"]
[PlyCount "26"]
[EventDate "2008.03.14"]
[EventType "tourn"]
[EventRounds "9"]
[EventCountry "GER"]
[SourceTitle "EXT 2009"]
[Source "ChessBase"]
[SourceDate "2008.11.26"]
[SourceVersion "1"]
[SourceVersionDate "2008.11.26"]
[SourceQuality "1"]

1. Nf3 Nf6 2. g3 g6 3. Bg2 Bg7 4. 0-0 d6 5. d3 0-0 6. e4 e5 7. h3 Nc6 8. c3 h6 9. Qe2 Qe8 10. Kh2 Bd7 11. Ng1 Nh5 12. Bf3 Nf6 13. Bg2 Nh5 1/2-1/2

[Event "SVR-ch MAT 31th"]
[Site "Idar Oberstein"]
[Date "2008.03.20"]
[Round "6"]
[White "Pikatz, Frank"]
[Black "Carrella, Adriano"]
[Result "0-1"]
[WhiteElo "1655"]
[BlackElo "1717"]
[PlyCount "86"]
[EventDate "2008.03.14"]
[EventType "tourn"]
[EventRounds "9"]
[EventCountry "GER"]
[SourceTitle "EXT 2009"]
[Source "ChessBase"]
[SourceDate "2008.11.26"]
[SourceVersion "1"]
[SourceVersionDate "2008.11.26"]
[SourceQuality "1"]

1. d4 Nf6 2. Nf3 e6 3. e3 d5 4. Bd3 c6 5. Nbd2 Bd6 6. 0-0 0-0 7. Re1 Nbd7 8. e4 dxe4 9. Nxe4 Nxe4 10. Bxe4 Nf6 11. Bg5 h6 12. Bxf6 Qxf6 13. Ne5 c5 14. Qf3 cxd4 15. Qxf6 gxf6 16. Nc4 Bc7 17. Rad1 e5 18. Bf3 Rb8 19. Rd3 b5 20. Nd2 f5 21. Bd5 a5 22. c3 e4 23. Rh3 dxc3 24. Rxc3 Be5 25. Rc6 Bxb2 26. Re3 Bg7 27. Rg3 Rd8 28. Rcg6 Rxd5 29. Rxg7+ Kf8 30. Nf1 b4 31. Rh7 a4 32. Rxh6 b3 33. axb3 axb3 34. Rhh3 b2 35. Rb3 b1Q 36. Rxb1 Rxb1 37. Rh8+ Ke7 38. Rxc8 Rdd1 39. g3 Rxf1+ 40. Kg2 Rg1+ 41. Kh3 Rb6 42. Rh8 Rb2 43. Rh5 Rxf2 0-1

[Event "Goch op 18th"]
[Site "Goch"]
[Date "2007.10.06"]
[Round "4"]
[White "Pikatz, Frank"]
[Black "Wortmann, Dirk"]
[Result "1/2-1/2"]
[WhiteElo "1660"]
[BlackElo "1928"]
[PlyCount "44"]
[EventDate "2007.10.04"]
[EventType "swiss"]
[EventRounds "7"]
[EventCountry "GER"]
[SourceTitle "EXT 2011"]
[Source "ChessBase"]
[SourceDate "2010.11.26"]
[SourceVersion "1"]
[SourceVersionDate "2010.11.26"]
[SourceQuality "1"]

1. d4 d5 2. Nf3 Nf6 3. e3 Bg4 4. c4 e6 5. Qb3 Qc8 6. Ne5 c6 7. Nxg4 Nxg4 8. h3 Nf6 9. Bd3 Bd6 10. Nd2 0-0 11. 0-0 Nbd7 12. e4 dxe4 13. Nxe4 Bc7 14. Be3 Rd8 15. Rad1 a5 16. a4 h6 17. f4 Nxe4 18. Bxe4 Nf6 19. Bd3 Bb8 20. Qc2 Qc7 21. Qf2 Kh8 22. d5 Qd7 1/2-1/2

[Event "SVR-op 30th"]
[Site "Nickenich"]
[Date "2007.04.05"]
[Round "4"]
[White "Pikatz, Frank"]
[Black "Masfelder, David"]
[Result "1/2-1/2"]
[WhiteElo "1625"]
[BlackElo "1941"]
[PlyCount "76"]
[EventDate "2007.03.31"]
[EventType "swiss"]
[EventRounds "7"]
[EventCountry "GER"]
[SourceTitle "EXT 2009"]
[Source "ChessBase"]
[SourceDate "2008.11.26"]
[SourceVersion "1"]
[SourceVersionDate "2008.11.26"]
[SourceQuality "1"]

1. d4 Nf6 2. Nf3 e6 3. e3 Be7 4. Bd3 0-0 5. e4 d5 6. e5 Nfd7 7. 0-0 c5 8. c3 Nc6 9. a3 f5 10. exf6 Bxf6 11. Be3 cxd4 12. Nxd4 Nde5 13. Bc2 Qe8 14. Nd2 a6 15. N2f3 Nxf3+ 16. Nxf3 Ne5 17. Nxe5 Bxe5 18. Qd3 Qh5 19. h3 Bd7 20. Rae1 Bb5 21. Qd2 Bxf1 22. Rxf1 Qf7 23. Qd3 g6 24. Bh6 Bg7 25. Be3 Kh8 26. Bb3 Rac8 27. Re1 Rcd8 28. Re2 Qf5 29. Qd1 d4 30. cxd4 Rd7 31. Bc2 Qb5 32. Ba4 Qd5 33. Bxd7 Qxd7 34. Rd2 Qd5 35. b4 Rd8 36. Qc2 Kg8 37. a4 Rd6 38. Qc8+ Rd8 1/2-1/2

[Event "SVR-op 30th"]
[Site "Nickenich"]
[Date "2007.03.31"]
[Round "2"]
[White "Pikatz, Frank"]
[Black "Neumann, Horst"]
[Result "0-1"]
[WhiteElo "1625"]
[BlackElo "2021"]
[PlyCount "76"]
[EventDate "2007.03.31"]
[EventType "swiss"]
[EventRounds "7"]
[EventCountry "GER"]
[SourceTitle "EXT 2009"]
[Source "ChessBase"]
[SourceDate "2008.11.26"]
[SourceVersion "1"]
[SourceVersionDate "2008.11.26"]
[SourceQuality "1"]

1. d4 d5 2. Nf3 Nf6 3. e3 Bg4 4. c4 c6 5. Nbd2 e6 6. Qb3 Qc7 7. Ne5 Bh5 8. Bd3 Nbd7 9. Ndf3 Bd6 10. 0-0 Rb8 11. Qc3 Ng4 12. Nxg4 Bxg4 13. c5 Be7 14. Ne5 Bh5 15. f4 f5 16. Bd2 0-0 17. Bc2 Nf6 18. Bd1 Ne4 19. Qd3 Be8 20. Be1 Bf6 21. Bc2 Kh8 22. Qa3 Bh5 23. Bd1 Bxd1 24. Rxd1 b6 25. b4 bxc5 26. bxc5 Rb5 27. Qa6 Bxe5 28. fxe5 Rfb8 29. Qa3 h6 30. Rd3 Qb7 31. Bc3 Rb1 32. Rdd1 Rxd1 33. Rxd1 Qb1 34. Rc1 Qd3 35. Bb2 Qe2 36. Ba1 Rb5 37. Rf1 Nd2 38. Rc1 Nc4 0-1

[Event "SVR-ch HT 29th"]
[Site "Koblenz"]
[Date "2006.04.13"]
[Round "4"]
[White "Stein, Dirk"]
[Black "Pikatz, Frank"]
[Result "0-1"]
[WhiteElo "1701"]
[BlackElo "1539"]
[PlyCount "82"]
[EventDate "2006.04.08"]
[EventType "swiss"]
[EventRounds "7"]
[EventCountry "GER"]
[SourceTitle "EXT 2009"]
[Source "ChessBase"]
[SourceDate "2008.11.26"]
[SourceVersion "1"]
[SourceVersionDate "2008.11.26"]
[SourceQuality "1"]

1. e4 d6 2. Nf3 Nf6 3. Nc3 g6 4. Bc4 Bg7 5. d3 0-0 6. 0-0 e5 7. Bd2 c6 8. Qc1 d5 9. exd5 cxd5 10. Bb3 Nc6 11. Bg5 Be6 12. Re1 d4 13. Ne4 Bxb3 14. axb3 b6 15. h4 Re8 16. h5 Re6 17. hxg6 fxg6 18. Bh6 Qf8 19. Bxg7 Qxg7 20. Nfg5 Re7 21. Nd6 Ne8 22. Nge4 Nxd6 23. Nxd6 Qf6 24. Nc4 Rf8 25. Qd2 Nb4 26. Re4 Nc6 27. Rae1 b5 28. Na3 a6 29. f3 Rc8 30. b4 Kg7 31. c3 Qd6 32. Kf2 Rd8 33. Rh1 dxc3 34. Qg5 Qxd3 35. Rxh7+ Kxh7 36. Qf6 Rd4 37. Re3 Qd2+ 38. Re2 Rd6 39. Qf8 Qd4+ 40. Kf1 Qd1+ 41. Kf2 Rd2 0-1